| 000 | 00488nam a2200169 a 4500 | ||
|---|---|---|---|
| 005 | 20140412111314.0 | ||
| 008 | 001220s19uu xx 00 eng d | ||
| 020 | _a1-85038-279-4 | ||
| 050 |
_aER _bHa11 |
||
| 245 | _aHansel and Gretel. | ||
| 260 |
_aWoodford Green, Essex, U. K : _bHolland Enterprises Limited, _c]n.d.] |
||
| 300 | _a1 v. (unp.) ; ill. | ||
| 440 | _aA Fairy Story Window Board Book | ||
| 650 | _aFolktales | ||
| 650 | _aChildren stories -- Fiction | ||
| 999 |
_c104159 _d104159 |
||